000 00672nam a2200205Ii 4500
003 JO-AjNU
008 230605s9999||||xx |||||||||||||| ||und||
040 _aJO-AjNU
_bara
_erda
_cJO-AjNU
041 _aara
050 1 4 _aTP1120.L3212 1996
100 3 _aخليفة ، سليمان,
_eauthor
_918585
245 0 0 _aاللدائن المقساة بالحرارة
264 3 1 _aدمشق: دار دمشق للنشر، 1996
300 _a274ص
336 _atext
_btxt
_2rdacontent
337 _aunmediated
_bn
_2rdamedia
338 _avolume
_bnc
_2rdacarrier
490 0 _aسلسلة شذى لعلم البلاستيك2
650 4 _aالبلاستيك الحراري
_918586
999 _aA5972
_c9540
_d9540